Normal view
MARC view
- ANJALI V.L
Entry Personal Name
001 - CONTROL NUMBER
- control field: 3889
003 - CONTROL NUMBER IDENTIFIER
- control field: OSt
005 - DATE AND TIME OF LATEST TRANSACTION
- control field: 20181114145538.0
008 - FIXED-LENGTH DATA ELEMENTS
- fixed length control field: 181114|| aca||aabn | a|a d
040 ## - CATALOGING SOURCE
- Original cataloging agency: OSt
- Transcribing agency: OSt
100 ## - HEADING--PERSONAL NAME
- Personal name: ANJALI V.L
670 ## - SOURCE DATA FOUND
- Source citation: Work cat.: (OSt)14960: ANJALI V.L SARI A.K WILSON D'SOUZA, Design and development of a mechanical mixer for talc-based bio control agents
